Handball Bundesliga Players 2024/2025 - Statistics

General Stats
  • This quiz has been taken 31 times
  • The average score is 74 of 344
Answer Stats
Hint Answer % Correct
Füchse Berlin (RB) Mathias Gidsel
86%
SG BBM Bietigheim (LB) Tom Wolf
66%
THW Kiel (LW) Magnus Landin
59%
SC Magdeburg (P) Magnus Saugstrup
59%
THW Kiel (G) Andreas Wolff
55%
TSV Hannover-Burgdorf (RW) Daniel Weber
55%
SC Magdeburg (CB) Gisli Thorgeir Kristjansson
55%
SG Flensburg-Handewitt (P) Johannes Golla
55%
TSV Hannover-Burgdorf (P) Justus Fischer
55%
Füchse Berlin (LB) Lasse Andersson
55%
Füchse Berlin (G) Lasse Ludwig
55%
SC Magdeburg (LW) Lukas Mertens
55%
Füchse Berlin (CB) Nils Lichtlein
55%
SC Magdeburg (LB) Philipp Weber
55%
MT Melsungen (G) Carsten Lichtlein
52%
SG BBM Bietigheim (P) Jonathan Fischer
52%
Rhein-Neckar Löwen (CB) Juri Knorr
52%
THW Kiel (RW) Lukas Zerbe
52%
SC Magdeburg (G) Nikola Portner
52%
SC Magdeburg (RB) Omar Ingi Magnusson
52%
THW Kiel (LW) Rune Dahmke
52%
Füchse Berlin (LW) Tim Freihöfer
52%
HC Erlangen (RB) Viggo Kristjansson
52%
Rhein-Neckar Löwen (G) David Späth
48%
THW Kiel (CB) Domagoj Duvnjak
48%
SG Flensburg-Handewitt (LW) Emil Jakobsen
48%
THW Kiel (RB) Emil Madsen Wernsdorf
48%
SC Magdeburg (LB) Felix Claar
48%
THW Kiel (P) Hendrik Pekeler
48%
VFL Gummersbach (LB) Julian Köster
48%
SC Magdeburg (LW) Matthias Musche
48%
TSV Hannover-Burgdorf (RB) Renars Uscins
48%
SG Flensburg-Handewitt (LB) Simon Pytlick
48%
SC Magdeburg (RW) Tim Hornke
48%
HSV Hamburg (LW) Ben Magnus Möller
45%
THW Kiel (CB) Elias Ellefsen a Skipagotu
45%
SG Flensburg-Handewitt (G) Kevin Moller
45%
SG Flensburg-Handewitt (LB) Lasse Moller
45%
HC Erlangen (LB) Milos Kos
45%
MT Melsungen (G) Nebojsa Simic
45%
THW Kiel (LB) Nikola Bilyk
45%
THW Kiel (P) Petter Overby
45%
SC Magdeburg (G) Sergey Hernandez
45%
MT Melsungen (RW) Timo Kastening
45%
THW Kiel (RW) Bence Imre
41%
Füchse Berlin (G) Dejan Milosavljev
41%
THW Kiel (LB) Eric Johansson
41%
Füchse Berlin (RW) Hakun West av Teigum
41%
THW Kiel (RB) Harald Reinkind
41%
Rhein-Neckar Löwen (P) Jannik Kohlbacher
41%
SC Magdeburg (CB) Manuel Zehnder
41%
Füchse Berlin (P) Mijajlo Marsenic
41%
SC Magdeburg (P) Oscar Bergendahl
41%
TBV Lemgo Lippe (LW) Samuel Zehnder
41%
SC Magdeburg (RB) Albin Lagergren
38%
SC Magdeburg (RW) Daniel Pettersson
38%
Füchse Berlin (RB) Fabian Wiede
38%
HSV Hamburg (RW) Frederik Bo Andersen
38%
SG Flensburg-Handewitt (RW) Johan Hansen
38%
ThSV Eisenach (LB) Marko Grgic
38%
Füchse Berlin (P) Max Darj
38%
THW Kiel (P) Patrick Wiencek
38%
SC DHFK Leipzig (RW) Staffan Peter
38%
THW Kiel (G) Tomas Mrkva
38%
SC Magdeburg (CB) Christian O'Sullivan
34%
Rhein-Neckar Löwen (LW) David More
34%
VFL Gummersbach (G) Dominik Kuzmanovic
34%
MT Melsungen (CB) Erik Balenciaga
34%
Rhein-Neckar Löwen (RB) Jon Lindenchrone Andersen
34%
SG Flensburg-Handewitt (RB) Kay Smits
34%
SG Flensburg-Handewitt (P) Lukas Jorgensen
34%
Füchse Berlin (LB) Matthes Langhoff
34%
Rhein-Neckar Löwen (G) Mikael Appelgren
34%
VFL Gummersbach (LB) Miro Schluroff
34%
Rhein-Neckar Löwen (LB) Sebastian Heymann
34%
SC Magdeburg (P) Tim Zechel
34%
SG Flensburg-Handewitt (LW) August Pedersen
31%
SG Flensburg-Handewitt (G) Benjamin Buric
31%
MT Melsungen (LW) David Mandic
31%
SG Flensburg-Handewitt (CB) Jim Gottfridsson
31%
TSV Hannover-Burgdorf (G) Joel Birlehm
31%
HSG Wetzlar (CB) Justin Müller
31%
SG Flensburg-Handewitt (CB) Mads Mensah Larsen
31%
TSV Hannover-Burgdorf (RW) Marius Steinhauser
31%
Füchse Berlin (RB) Max Beneke
31%
TVB Stuttgart (G) Miljan Vujovic
31%
VFL Gummersbach (LW) Milos Vujovic
31%
Rhein-Neckar Löwen (RW) Patrick Groetzki
31%
Rhein-Neckar Löwen (P) Steven Plucnar Jacobsen
31%
Füchse Berlin (RW) Tobias Reichmann
31%
MT Melsungen (LB) Aaron Mensing
28%
SC Magdeburg (LB) Antonio Serradilla Cuenca
28%
MT Melsungen (RB) Dainis Kristopans
28%
Frisch Auf Göppingen (RB) David Schmidt
28%
Frisch Auf Göppingen (RB) Erik Persson
28%
SC Magdeburg (RW) Isak Persson
28%
VFL Gummersbach (CB) Kentin Mahe
28%
HSV Hamburg (CB) Leif Tissier
28%
Füchse Berlin (P) Lukas Herburger
28%
TSV Hannover-Burgdorf (LB) Martin Hanne
28%
VFL Gummersbach (RW) Mathis Häseler
28%
SC Magdeburg (LB) Michael Damgaard
28%
ThSV Eisenach (RW) Moritz Ende
28%
SC DHFK Leipzig (P) Moritz Preuss
28%
SG Flensburg-Handewitt (RB) Niclas Kirkelokke
28%
ThSV Eisenach (G) Silvio Heinevetter
28%
MT Melsungen (P) Adrian Sipos
24%
MT Melsungen (P) Arnar Freyr Arnarsson
24%
HSV Hamburg (LW) Casper Mortensen
24%
TBV Lemgo Lippe (G) Constantin Möstl
24%
MT Melsungen (RW) Dimitri Ignatow
24%
HSG Wetzlar (RW) Domen Novak
24%
MT Melsungen (LW) Florian Drosten
24%
SC DHFK Leipzig (RB) Franz Semper
24%
TBV Lemgo Lippe (LB) Hendrik Wagner
24%
Rhein-Neckar Löwen (RB) Ivan Martinovic
24%
TVB Stuttgart (RB) Kai Häfner
24%
TVB Stuttgart (LB) Lenny Rubin
24%
THW Kiel (G) Leon Nowottny
24%
Füchse Berlin (RW) Leo Prantner
24%
SC DHFK Leipzig (CB) Luca Witzke
24%
TSV Hannover-Burgdorf (LB) Lukas Stutzke
24%
TVB Stuttgart (CB) Max Häfner
24%
ThSV Eisenach (P) Philipp Meyer
24%
TSV Hannover-Burgdorf (G) Simon Gade
24%
VFL Gummersbach (RB) Teitur Örn Einarsson
24%
Rhein-Neckar Löwen (LW) Tim Nothdurft
24%
HC Erlangen (P) Tobias Wagner
24%
VFL Gummersbach (LB) Tom Kiesler
24%
MT Melsungen (G) Adam Morawski
21%
SG Flensburg-Handewitt (LB) Andreas Holst Jensen
21%
SC DHFK Leipzig (CB) Andri Mar Runarsson
21%
VFL Gummersbach (G) Bertram Obling
21%
HC Erlangen (LW) Christopher Bissel
21%
HC Erlangen (RB) Christoph Steinert
21%
VFL Gummersbach (P) Ellidi Vidarsson
21%
MT Melsungen (CB) Elvar Örn Jonsson
21%
HSV Hamburg (RB) Jacob Arenth Lassen
21%
1. VFL Potsdam (RB) Jannek Klein
21%
TBV Lemgo Lippe (RW) Jarnes Faust
21%
SG BBM Bietigheim (LB) Julius Kühn
21%
VFL Gummersbach (RW) Lukas Blohme
21%
TBV Lemgo Lippe (LB) Lukas Hutecek
21%
HC Erlangen (P) Maciej Gebala
21%
Frisch Auf Göppingen (LW) Marcel Schiller
21%
HC Erlangen (LB) Marek Nissen
21%
TSV Hannover-Burgdorf (CB) Marian Michalczik
21%
TBV Lemgo Lippe (RB) Nicolai Theilinger
21%
VFL Gummersbach (CB) Ole Pregler
21%
SC Magdeburg (LW) Pablo Lange
21%
VFL Gummersbach (LW) Tilen Kodrin
21%
TBV Lemgo Lippe (CB) Tim Suton
21%
TSV Hannover-Burgdorf (LW) Vincent Büchner
21%
SG Flensburg-Handewitt (RW) Aksel Horgen
17%
MT Melsungen (LB) Alexandre Cavalcanti
17%
SG Flensburg-Handewitt (P) Blaz Blagotinsek
17%
TBV Lemgo Lippe (RW) Bobby Schagen
17%
HC Erlangen (G) Dario Quenstedt
17%
Frisch Auf Göppingen (CB) Elias Newel
17%
HC Erlangen (P) Florian Scheerer
17%
TBV Lemgo Lippe (LB) Frederik Simak
17%
VFL Gummersbach (RB) Giorgi Tskhovrebadze
17%
Rhein-Neckar Löwen (LB) Halil Jaganjac
17%
Füchse Berlin (LW) Jan Grüner
17%
Frisch Auf Göppingen (G) Julian Buchele
17%
VFL Gummersbach (P) Kristjan Horzen
17%
THW Kiel (CB) Linus Kutz
17%
HSG Wetzlar (LW) Lion Zacharias
17%
SC DHFK Leipzig (LW) Lukas Binder
17%
TVB Stuttgart (P) Lukas Laube
17%
1. VFL Potsdam (RW) Max Günther
17%
MT Melsungen (CB) Mohamed Darmoul
17%
HSV Hamburg (G) Mohamed El-Tayar
17%
TBV Lemgo Lippe (RB) Niels Versteijnen
17%
MT Melsungen (RB) Nikolaj Enderleit
17%
TVB Stuttgart (LW) Patrick Zieker
17%
HSG Wetzlar (LB) Philipp Ahouansou
17%
HSV Hamburg (G) Robin Haug
17%
Frisch Auf Göppingen (LW) Rutger ten Velde
17%
HSG Wetzlar (G) Till Klimpke
17%
HC Erlangen (RW) Tim Gömmel
17%
TBV Lemgo Lippe (G) Urh Kastelic
17%
TSV Hannover-Burgdorf (RB) Vilhelm Poulsen
17%
ThSV Eisenach (RB) Alexander Saul
14%
HSG Wetzlar (G) Anadin Suljakovic
14%
HC Erlangen (RB) Antonio Metzner
14%
TBV Lemgo Lippe (LB) Ben Connar Battermann
14%
MT Melsungen (P) Bruno Eickhoff
14%
1. VFL Potsdam (RW) David Cyrill Akakpo
14%
SC DHFK Leipzig (G) Domenico Ebner
14%
HSG Wetzlar (CB) Dominik Mappes
14%
1. VFL Potsdam (LB) Dustin Kraus
14%
MT Melsungen (P) Felix Danner
14%
SC DHFK Leipzig (LB) Friedrich Schmitt
14%
SG BBM Bietigheim (LB) Fynn-Luca Nicolaus
14%
HSG Wetzlar (P) Georg Löwen
14%
HC Erlangen (RW) Hampus Olsson
14%
THW Kiel (RB) Henri Pabst
14%
TBV Lemgo Lippe (P) Jan Brosch
14%
HSG Wetzlar (LB) Jona Schoch
14%
TSV Hannover-Burgdorf (CB) Jonathan Edvardsson
14%
HC Erlangen (G) Khalifa Ghedbane
14%
SC DHFK Leipzig (RW) Lucas Krzikalla
14%
Frisch Auf Göppingen (CB) Ludvig Hallbäck
14%
Füchse Berlin (LW) Manuel Strlek
14%
SC DHFK Leipzig (LB) Marko Mamic
14%
SC DHFK Leipzig (LB) Matej Klima
14%
ThSV Eisenach (G) Matija Spikic
14%
1. VFL Potsdam (CB) Maxim Orlov
14%
SG BBM Bietigheim (RW) Moritz Strosack
14%
HSV Hamburg (P) Niklas Weller
14%
1. VFL Potsdam (LW) Nils Fuhrmann
14%
ThSV Eisenach (P) Peter Walz
14%
MT Melsungen (P) Rogerio Moraes Ferreira
14%
TVB Stuttgart (P) Samuel Röthlisberger
14%
HC Erlangen (CB) Sander Øverjordet
14%
ThSV Eisenach (LB) Simone Mengon
14%
VFL Gummersbach (P) Stepan Zeman
14%
SC DHFK Leipzig (RB) Stephan Seitz
14%
TSV Hannover-Burgdorf (P) Thomas Solstad
14%
HSG Wetzlar (RW) Tizian Weimer
14%
VFL Gummersbach (LW) Tom Koschek
14%
TVB Stuttgart (CB) Torben Matzken
14%
TSV Hannover-Burgdorf (LB) Uladzislau Kulesh
14%
Rhein-Neckar Löwen (P) Valentin Willner
14%
HC Erlangen (LW) Yannik Bialowas
14%
ThSV Eisenach (LB) Aleksandar Capric
10%
HSV Hamburg (P) Andreas Magaard
10%
Frisch Auf Göppingen (G) Bart Ravensbergen
10%
HSV Hamburg (LB) Ben Levermann
10%
THW Kiel (LW) Ben Szilagyi
10%
TVB Stuttgart (LW) Daniel Fernández Jiménez
10%
SG BBM Bietigheim (G) Daniel Rebmann
10%
HC Erlangen (CB) David Sehnke
10%
SG BBM Bietigheim (RB) Dominik Claus
10%
SG BBM Bietigheim (P) Fabian Wiederstein
10%
ThSV Eisenach (CB) Filip Vistorop
10%
HSV Hamburg (G) Finn Knaack
10%
SG BBM Bietigheim (G) Fredrik Genz
10%
ThSV Eisenach (LB) Fynn Hangstein
10%
ThSV Eisenach (RW) Gian Attenhofer
10%
SG BBM Bietigheim (RW) Gonzalo Perez Arce
10%
TSV Hannover-Burgdorf (LW) Hannes Feise
10%
MT Melsungen (LW) Ian Barrufet
10%
MT Melsungen (RB) Jonas Riecke
10%
MT Melsungen (LB) Jonathan Svensson
10%
SG BBM Bietigheim (CB) Juan de la Pena
10%
ThSV Eisenach (P) Justin Kurch
10%
SC DHFK Leipzig (G) Kristian Saeveras
10%
Rhein-Neckar Löwen (CB) Lennart Karrenbauer
10%
TBV Lemgo Lippe (LW) Leve Carstensen
10%
Frisch Auf Göppingen (P) Ludvig Jurmala
10%
SC DHFK Leipzig (P) Luka Rogan
10%
HSG Wetzlar (LW) Lukas Becher
10%
SG Flensburg-Handewitt (RB) Marko Kopljar
10%
MT Melsungen (LW) Marti Soler
10%
1. VFL Potsdam (LW) Marvin Siemer
10%
TBV Lemgo Lippe (P) Meeno Carstensen
10%
HSV Hamburg (CB) Moritz Sauter
10%
TBV Lemgo Lippe (LB) Moritz Sundermann
10%
HSG Wetzlar (RB) Nemanja Zelenovic
10%
HC Erlangen (LB) Nikolai Link
10%
SG BBM Bietigheim (LB) Nikola Vlahovic
10%
Rhein-Neckar Löwen (LB) Olle Forsell Schefvert
10%
Frisch Auf Göppingen (LB) Oskar Sunnefeldt
10%
SG BBM Bietigheim (CB) Paco Barthe
10%
TBV Lemgo Lippe (CB) Ralfs Geislers
10%
TVB Stuttgart (G) Samir Bellahcene
10%
SC DHFK Leipzig (CB) Simon Ernst
10%
HSG Wetzlar (RB) Stefan Cavor
10%
TBV Lemgo Lippe (CB) Thomas Houtepen
10%
SG BBM Bietigheim (LW) Till Hermann
10%
ThSV Eisenach (LW) Timothy Reichmuth
10%
HSG Wetzlar (RB) Viktor Norberg Petersen
10%
HSG Wetzlar (P) Vladimir Vranjes
10%
Frisch Auf Göppingen (P) Ymir Örn Gislason
10%
TVB Stuttgart (RB) Achilleas Toskas
7%
HSV Hamburg (LW) Alexander Hartwig
7%
SG BBM Bietigheim (LW) Alexander Pfeifer
7%
TVB Stuttgart (LW) Alon Oberman
7%
Frisch Auf Göppingen (RW) Andreas Flodman
7%
TVB Stuttgart (LB) Ante Ivankovic
7%
HSV Hamburg (LB) Azat Valiullin
7%
SG Flensburg-Handewitt (G) Catalin Haidu
7%
HSV Hamburg (LB) Dominik Axmann
7%
1. VFL Potsdam (CB) Elias Kofler
7%
1. VFL Potsdam (LB) Emil Hansson
7%
SG BBM Bietigheim (G) Filip Baranasic
7%
HC Erlangen (G) Finn Zecher
7%
Frisch Auf Göppingen (RW) Franko Lastro
7%
1. VFL Potsdam (G) Frederik Höler
7%
TBV Lemgo Lippe (RW) Frederik Puls
7%
TVB Stuttgart (P) Gianfranco Pribetic
7%
Rhein-Neckar Löwen (LB) Gustav Davidsson
7%
1. VFL Potsdam (LW) Ilian Geweiler
7%
ThSV Eisenach (LW) Ivan Snajder
7%
SG Flensburg-Handewitt (LW) Jonas Rithaphorn
7%
TVB Stuttgart (RW) Jorge Serrano Villalobos
7%
TSV Hannover-Burgdorf (P) Koray Ayar
7%
SC DHFK Leipzig (G) Leopold Huber
7%
TBV Lemgo Lippe (P) Leos Petrovsky
7%
HSV Hamburg (RW) Levin Unbehaun
7%
ThSV Eisenach (RB) Malte Donker
7%
HSG Wetzlar (G) Marius Göbner
7%
1. VFL Potsdam (G) Mark Ferjan
7%
HC Erlangen (CB) Marko Bezjak
7%
1. VFL Potsdam (G) Martin Tomovski
7%
1. VFL Potsdam (CB) Marvin Kix
7%
SG BBM Bietigheim (RB) Maximilian Hejny
7%
1. VFL Potsdam (P) Nicholas Schley
7%
TVB Stuttgart (RW) Nico Bacani
7%
HC Erlangen (CB) Nico Büdel
7%
1. VFL Potsdam (RB) Nicolas Paulnsteiner
7%
Rhein-Neckar Löwen (RW) Niklas Michalski
7%
HSG Wetzlar (RB) Niklas Theiß
7%
SC DHFK Leipzig (LW) Nils Greilich
7%
SG Flensburg-Handewitt (CB) Oskar Czertowicz
7%
Frisch Auf Göppingen (LB) Oskar Neudeck
7%
ThSV Eisenach (P) Rok Maric
7%
Frisch Auf Göppingen (P) Sascha Brodbeck
7%
SG Flensburg-Handewitt (LB) Thilo Knutzen
7%
TSV Hannover-Burgdorf (CB) Tilen Strmljan
7%
Frisch Auf Göppingen (RW) Tim Goßner
7%
Frisch Auf Göppingen (LB) Victor Klöve
7%
SC DHFK Leipzig (LB) William Bogojevic
7%
HSV Hamburg (RB) Zoran Ilic
7%
SG BBM Bietigheim (LB) Alen Hadzimuhamedovic
3%
SG Flensburg-Handewitt (RW) Arv Kinsky
3%
TVB Stuttgart (G) Benedikt Starkloff
3%
TVB Stuttgart (CB) Bruno Reguart
3%
HC Erlangen (G) Dorian Knezevic
3%
SC DHFK Leipzig (CB) Jonas Hönicke
3%
Frisch Auf Göppingen (LB) Josip Sarac
3%
TBV Lemgo Lippe (G) Leon Goldbecker
3%
TVB Stuttgart (G) Luca Tschentscher
3%
TVB Stuttgart (LB) Nico Schöttle
3%
TSV Hannover-Burgdorf (LB) Niklas Gautzsch
3%
1. VFL Potsdam (LB) Ole Schramm
3%
HSG Wetzlar (P) Rasmus Meyer Ejlersen
3%
TBV Lemgo Lippe (CB) Sadik Emre Herseklioglu
3%
1. VFL Potsdam (P) Sergey Gorpishin
3%
Frisch Auf Göppingen (G) Tibor Ivanisevic
3%
HSV Hamburg (P) Torge Wloch
3%
HSV Hamburg (LB) Valentin Weyer
3%
No matching quizzes found
Score Distribution
Percent of People with Each Score
Percentile by Number Answered
Your Score History
You have not taken this quiz